| 000 | 00000nam##2200000za#4500 |
| 001 | 9.700340 |
| 003 | CaOODSP |
| 005 | 20210927150514 |
| 007 | cr ||||||||||| |
| 008 | 150407|2008||||xxc|||||o f|0| 0 eng|d |
| 040 | |aCaOODSP|beng |
| 043 | |an-cn--- |
| 086 | 1 |aR5-35/2008E-PDF |
| 110 | 1 |aCanada. |bIndian and Northern Affairs Canada. |
| 245 | 10|aAudit of staffing & classification - Manitoba region / |h[electronic resource]|cprepared by Audit and Assurance Services Branch. |
| 260 | |aOttawa - Ontario : |bIndian and Northern Affairs |cSeptember 25, 2008. |
| 300 | |a40p.|btables |
| 590 | |a15-02-Supp|b2015-02-16 |
| 690 | 07|aAudit|2gcpds |
| 775 | 08|tVérification de la classification et des mesures de dotation en personnel - région du Manitoba / |w(CaOODSP)9.644236 |
| 856 | 40|ahttp://publications.gc.ca|qPDF|s149 KB|uhttps://publications.gc.ca/collections/collection_2015/aadnc-aandc/R5-35-2008-eng.pdf |
| 986 | |aProject #07/16 |